[Event "56th ch-RUS"]
[Site "Krasnoyarsk"]
[Date "2003.09.10"]
[Round "7"]
[White "Potkin, Vladimir"]
[Black "Lugovoi, Aleksei"]
[Result "0-1"]
[WhiteElo "2518"]
[BlackElo "2566"]
[PlyCount "94"]
[EventDate "2003.09.03"]
[Source "Roberto Alvarez"]
[SourceDate "2003.09.15"]

1. e4 c5 2. Nf3 d6 3. d4 cxd4 4. Nxd4 Nf6 5. Nc3 Nc6 6. Bc4 e6 7. Be3 a6 8. Bb3 Qc7 9. f4 Be7 10. Qf3 O-O 11. f5 Nxd4 12. Bxd4 b5 13. a3 Rb8 14. O-O-O b4 15. axb4 Rxb4 16. g4 e5 17. Bf2 Bb7 18. Rhe1 Rb8 19. Kb1 a5 20. g5 Nxe4 21. Nxe4 a4 22. f6 axb3 23. c3 Bf8 24. fxg7 Bxg7 25. Qd3 Bxe4 26. Rxe4 Rxe4 27. Qxe4 Bf8 28. Rd3 Qa5 29. Rh3 Qa2+ 30. Kc1 Qa1+ 31. Qb1 Qxb1+ 32. Kxb1 Be7 33. c4 Kg7 34. Rd3 Kg6 35. h4 Kf5 36. Kc1 Ke6 37. Kd2 f5 38. gxf6 Bxf6 39. Rf3 Rb4 40. h5 Rxc4 41. Rxb3 d5 42. Rb7 Bg5+ 43. Ke2 h6 44. b4 Rc2+ 45. Kf1 d4 46. Rb6+ Kd5 47. Bg3 Ke4 0-1

[Event "Masters"]
[Site "Abu Dhabi"]
[Date "2004.08.22"]
[Round "8"]
[White "Timofeev, Artyom"]
[Black "Taleb, Moussa"]
[Result "1-0"]
[WhiteElo "2611"]
[BlackElo "2464"]
[PlyCount "93"]
[EventDate "2004.08.14"]
[Source "Roberto Alvarez"]
[SourceDate "2004.08.30"]

1. e4 c5 2. Nf3 d6 3. d4 cxd4 4. Nxd4 Nf6 5. Nc3 Nc6 6. Bc4 e6 7. O-O Be7 8. a3 a6 9. Ba2 Qc7 10. Kh1 b5 11. f4 Bb7 12. f5 Nxd4 13. Qxd4 e5 14. Qd3 Rc8 15. Be3 Qd7 16. Nd5 Bxd5 17. exd5 O-O 18. c4 Qb7 19. b4 Rc7 20. Rac1 Rfc8 21. Rfd1 Bf8 22. Qe2 Ne8 23. Rc2 h6 24. Rdc1 Nf6 25. c5 dxc5 26. bxc5 Qa8 27. d6 Rd7 28. Bf2 Qc6 29. Bh4 Ne4 30. Qd3 Nxc5 31. Rxc5 Qxc5 32. Rxc5 Rxc5 33. h3 Rxd6 34. Qb3 Rc4 35. Bg3 Rd2 36. Bxe5 Bc5 37. Kh2 Bf2 38. a4 Kh7 39. f6 gxf6 40. Qb1+ Kg7 41. Bxc4 fxe5 42. axb5 axb5 43. Qxb5 Bd4 44. Qb7 Rf2 45. h4 Rf6 46. g3 Rf2+ 47. Kh3 1-0

[Event "Chicago USA"]
[Site "?"]
[Date "2006.01.11"]
[Round "6"]
[White "Mitkov Nikola"]
[Black "Blehm Pawel"]
[Result "1/2-1/2"]
[WhiteElo "2552"]
[BlackElo "2520"]
[PlyCount "29"]
[EventDate "2006.??.??"]
[Source "www.chesslib.no"]
[SourceDate "2004.05.04"]

1. e4 c5 2. Nf3 d6 3. Nc3 Nf6 4. d4 cxd4 5. Nxd4 Nc6 6. Bc4 Qb6 7. Ndb5 a6 8. Be3 Qa5 9. Nd4 e6 10. O-O Qc7 11. Bb3 Na5 12. f4 b5 13. f5 e5 14. Nde2 Bb7 15. Bd5 1/2-1/2